Tutti gli Stati che hanno controllato New York - Statistics

Statistiche generali
  • Questo quiz è stato fatto 31 volte
  • Il punteggio medio è 5 su 7
Statistiche sulle risposte
con Immagini Hint Risposta % Corretto
1783 - Oggi Stati Uniti d'America
93%
1664 - 1673 Impero Britannico (Tredici Colonie)
86%
1674 - 1689 Impero Britannico (Tredici Colonie)
86%
1624 - 1664 Impero Coloniale Olandese (Nuova Olanda)
86%
1673 - 1674 Impero Coloniale Olandese (Nuova Olanda)
86%
1691 - 1783 Impero Britannico (Tredici Colonie)
82%
1689 . 1691 Ribellione di Leisler
4%
Nessun quiz corrispondente trovato
Distribuzione punteggi
Percentuale di utenti per punteggio
Percentile per numero di risposta
I tuoi punteggi nel tempo
Non hai fatto questo quiz